Online
Catalog

El mapa más antiguo de la isla de Santo Domingo (1516) y Pedro Mártir de Anglería / (Record no. 33823)

MARC details
000 -CABECERA
campo de control de longitud fija 01613nam a2200337 a 4500
001 - NÚMERO DE CONTROL
campo de control 000034332
003 - IDENTIFICADOR DEL NÚMERO DE CONTROL
campo de control DO-SdBNP
005 - FECHA Y HORA DE LA ÚLTIMA TRANSACCIÓN
campo de control 20240722140532.0
007 - CAMPO FIJO DE DESCRIPCIÓN FÍSICA--INFORMACIÓN GENERAL
campo de control de longitud fija ta
008 - DATOS DE LONGITUD FIJA--INFORMACIÓN GENERAL
campo de control de longitud fija 111003s1929 dr ab 000 1 spa d
040 ## - FUENTE DE LA CATALOGACIÓN
Centro catalogador/agencia de origen DO-SdBNP
Lengua de catalogación spa
Centro/agencia transcriptor BNPHU
Normas de descripción rda
082 ## - NÚMERO DE LA CLASIFICACIÓN DECIMAL DEWEY
Número de clasificación 912.7293
Número de documento/Ítem F844m
Número de edición 22
100 1# - ENTRADA PRINCIPAL--NOMBRE DE PERSONA
Nombre de persona Frati, Carlo.
Fechas asociadas al nombre 1863-1930
Término indicativo de función/relación autor
9 (RLIN) 59758
245 13 - MENCIÓN DE TÍTULO
Título El mapa más antiguo de la isla de Santo Domingo (1516) y Pedro Mártir de Anglería /
Mención de responsabilidad, etc. Carlo Frati.
264 ## - PRODUCCIÓN, PUBLICACIÓN, DISTRIBUCIÓN, FABRICACIÓN Y COPYRIGHT
Producción, publicación, distribución, fabricación y copyright Firenze, Italia :
Nombre del de productor, editor, distribuidor, fabricante Leo S. Olsch,
Fecha de producción, publicación, distribución, fabricación o copyright 1929.
300 ## - DESCRIPCIÓN FÍSICA
Extensión 22 páginas :
Otras características físicas ilustraciones mapas ;
Dimensiones 31 cm.
336 ## - TIPO DE CONTENIDO
Fuente rdacontent
Término de tipo de contenido texto
Código de tipo de contenido txt
337 ## - TIPO DE MEDIO
Fuente rdamedia
Nombre/término del tipo de medio sin mediación
Código del tipo de medio n
338 ## - TIPO DE SOPORTE
Fuente rdacarrier
Nombre/término del tipo de soporte volumen
Código del tipo de soporte nc
500 ## - NOTA GENERAL
Nota general "Extractado del tomo XXIII, entrega 1a-2a, de la Bibliofilía bajo la dirección del comm. Leo S. Olschki."
500 ## - NOTA GENERAL
Nota general Con proemio por Federico Henríquez y Carvajal.--Edición al cuidado del Gobierno Dominicano. Secretaría de Estado de Agricultura e Inmigración.
500 ## - NOTA GENERAL
Nota general "Edición de mil ejemplares, de los cuales treinta numerados progresivamente 1-30."
500 ## - NOTA GENERAL
Nota general Edición al cuidado del Gobierno Dominicano. Secretaria de Estado de Agricultura y Inmigración.
500 ## - NOTA GENERAL
Nota general Incluye referencias bibliográficas y notas al pie de las páginas
590 ## - NOTA LOCAL (RLIN)
Nota local Inventariado, 2018/LP
600 14 - PUNTO DE ACCESO ADICIONAL DE MATERIA--NOMBRE DE PERSONA
Nombre de persona Anghiera, Pietro Martire d',
Fechas asociadas al nombre 1457-1526.
9 (RLIN) 543
651 #4 - PUNTO DE ACCESO ADICIONAL DE MATERIA--NOMBRE GEOGRÁFICO
Nombre geográfico Isla Española (Haití Y Republica Dominicana{Rpara}
Subdivisión de forma MAPAS
9 (RLIN) 59759
710 1# - PUNTO DE ACCESO ADICIONAL--NOMBRE DE ENTIDAD CORPORATIVA
Nombre de entidad corporativa o nombre de jurisdicción como elemento de entrada República Dominicana
Unidad subordinada Ministerio de Agricultura e Inmigración.
9 (RLIN) 59760
910 ## - DATOS DE OPCIÓN DEL USUARIO (OCLC)
Datos de opción del usuario Validado. Control de calidad MFF
942 ## - ELEMENTOS DE PUNTO DE ACCESO ADICIONAL (KOHA)
Fuente del sistema de clasificación o colocación Dewey Decimal Classification
Tipo de ítem Koha Folleto
Holdings
Estado de retiro Estado de pérdida No para préstamo Código de colección Localización permanente Ubicación/localización actual Ubicación en estantería Fecha de adquisición Número de inventario Total de préstamos Signatura topográfica completa Código de barras Fecha visto por última vez Precio válido a partir de Tipo de ítem Koha Nota pública Fuente del sistema de clasificación o colocación Restricciones de uso Fuente de adquisición Número de copia
      Patrimonio Dominicano Folletos Biblioteca Nacional Pedro Henríquez Ureña Biblioteca Nacional Pedro Henríquez Ureña En catalogación 22.07.2024     BNPHU F-PD 912.7293 F844m 2024-4520 22.07.2024 22.07.2024 Folleto   Dewey Decimal Classification Excluido de préstamo donación e.2
    Excluido de préstamo Patrimonio Dominicano Patrimonio Dominicano Patrimonio Dominicano Depósito 03.10.2011 LF1   912.7293 F844m 34332-10 25.06.2020 25.06.2020 Libro y Folleto Colección Patrimonio Dominicano Perteneció a la biblioteca personal de Julio Ortega Frier .        

Powered by Koha